[Event "FISU World University-ch 2020"]
[Site "Online"]
[Date "2020.10.26"]
[Round "7.14"]
[White "Ojeda Ossa, Daniel De Jesus"]
[Black "Sulkowski, Andrzej"]
[Result "0-1"]
[WhiteElo "1884"]
[BlackElo "1783"]
[Annotator "NA"]
[PlyCount "66"]
[EventDate "2020.10.26"]
[SourceTitle "playchess.com"]
[Source "ChessBase"]
[SourceQuality "1"]

1. d4 Nf6 2. c4 g6 3. Nc3 Bg7 4. e4 d6 5. Nge2 O-O 6. Ng3 c5 7. d5 a6 8. Be2 e5 9. Bg5 h6 10. Be3 Ne8 11. Qd2 Kh7 12. h4 f5 13. exf5 gxf5 14. f4 Nf6 15. O-O-O e4 16. Kb1 b5 17. Rc1 bxc4 18. Nh5 Nxh5 19. Bxh5 Nd7 20. Be2 Nf6 21. Bxc4 Rb8 22. Be2 Bb7 23. Rc2 Qb6 24. Bc4 Ng4 25. Rd1 Nxe3 26. Qxe3 Bd4 27. Qe2 Bc8 28. g4 fxg4 29. b3 Bf5 30. Nxe4 Qb4 31. Bd3 Rbe8 32. Rc4 Qa5 33. Rxd4 cxd4 0-1

[Event "FISU World University-ch 2020"]
[Site "Online"]
[Date "2020.10.26"]
[Round "7.15"]
[White "Sandoval Mercado, Carlos"]
[Black "Velo Arredondo, Alonso"]
[Result "1-0"]
[WhiteElo "2298"]
[BlackElo "2068"]
[Annotator "TA"]
[PlyCount "137"]
[EventDate "2020.10.26"]
[SourceTitle "playchess.com"]
[Source "ChessBase"]
[SourceQuality "1"]

1. d4 Nf6 2. Nf3 e6 3. g3 b6 4. Bg2 Bb7 5. O-O Be7 6. c4 O-O 7. Qc2 c5 8. dxc5 Bxc5 9. a3 d5 10. cxd5 Nxd5 11. Ng5 g6 12. Ne4 Be7 13. Bh6 Re8 14. Nbc3 Nd7 15. Rad1 Rc8 16. Qa4 Bc6 17. Qd4 N7f6 18. Ng5 Nxc3 19. Qxc3 Qc7 20. Nf3 Bd5 21. Qd4 Red8 22. Qa4 Bc6 23. Rxd8+ Rxd8 24. Qc2 Qb7 25. Rc1 Bd5 26. Qc3 Ne8 27. Bf4 Nd6 28. b4 Nc4 29. e4 Bxe4 30. Bh6 Bf8 31. Bxf8 Rxf8 32. Nh4 Bxg2 33. Nxg2 b5 34. h4 Rd8 35. h5 e5 36. Ne3 Nd2 37. Qc7 Rd7 38. Qxb7 Rxb7 39. h6 Kf8 40. Rc8+ Ke7 41. Rh8 Nc4 42. Rxh7 Nxe3 43. fxe3 Rc7 44. Rh8 Kf6 45. Rg8 Rc1+ 46. Kg2 Rc2+ 47. Kf3 Rh2 48. Rb8 Rxh6 49. Rxb5 Rh2 50. Ra5 Kf5 51. e4+ Kg5 52. Rxe5+ Kf6 53. Ra5 Rb2 54. Rxa7 Rb3+ 55. Kf4 Ke6 56. Ra6+ Ke7 57. e5 Rb1 58. Rc6 Rb3 59. Ra6 Rb1 60. Ra5 Ke6 61. b5 Rf1+ 62. Kg4 Kxe5 63. b6+ Kd6 64. Rb5 Kc6 65. b7 Kxb5 66. b8=Q+ Kc5 67. Qb4+ Kd5 68. Qb5+ Kd6 69. Qxf1 1-0

[Event "FISU World University-ch 2020"]
[Site "Online"]
[Date "2020.10.26"]
[Round "7.15"]
[White "Felix Soto, Alfredo"]
[Black "Gracia Alvarez, Gerardo An"]
[Result "1/2-1/2"]
[WhiteElo "2075"]
[BlackElo "2308"]
[Annotator "TA"]
[PlyCount "119"]
[EventDate "2020.10.26"]
[SourceTitle "playchess.com"]
[Source "ChessBase"]
[SourceQuality "1"]

1. e4 c6 2. d4 d5 3. exd5 cxd5 4. c4 Nf6 5. Nc3 g6 6. Nf3 Bg7 7. Be2 O-O 8. O-O dxc4 9. Bxc4 a6 10. Ne5 b5 11. Be2 Bb7 12. Bf3 Nd5 13. Qb3 Nxc3 14. bxc3 Bxf3 15. Nxf3 Nc6 16. a4 b4 17. cxb4 Nxd4 18. Nxd4 Qxd4 19. Rb1 Rab8 20. Be3 Qh4 21. b5 axb5 22. axb5 Rb7 23. Rfd1 Be5 24. g3 Qe4 25. Qd5 Qxd5 26. Rxd5 f6 27. Kf1 Rc8 28. b6 Ra8 29. Rbb5 Kf7 30. Ra5 Rab8 31. Ra7 Ke6 32. Rxb7 Rxb7 33. Rd8 Rd7 34. Rh8 h5 35. Ke2 Kd5 36. h4 Bd4 37. Rg8 Bxe3 38. Kxe3 Rb7 39. Rxg6 Rxb6 40. Rh6 Rb3+ 41. Ke2 Rb2+ 42. Kf3 Rb3+ 43. Kg2 Ke6 44. Rxh5 f5 45. Rh6+ Kf7 46. Ra6 e6 47. h5 Rb5 48. Kf3 Re5 49. Kf4 Re4+ 50. Kf3 Kg7 51. Ra3 Kh6 52. Re3 Rxe3+ 53. Kxe3 e5 54. f4 e4 55. g4 fxg4 56. Kxe4 Kxh5 57. f5 Kg5 58. f6 Kxf6 59. Kf4 Kg6 60. Kxg4 1/2-1/2

[Event "FISU World University-ch 2020"]
[Site "Online"]
[Date "2020.10.26"]
[Round "7.15"]
[White "Baltazar Ibanez, Diego"]
[Black "Tello Chavez, Isaac Valent"]
[Result "0-1"]
[WhiteElo "2054"]
[BlackElo "2275"]
[Annotator "TA"]
[PlyCount "110"]
[EventDate "2020.10.26"]
[SourceTitle "playchess.com"]
[Source "ChessBase"]
[SourceQuality "1"]

1. e4 c6 2. d4 d5 3. f3 e5 4. dxe5 Bc5 5. Nc3 Ne7 6. Na4 Qa5+ 7. c3 Bxg1 8. Rxg1 dxe4 9. f4 O-O 10. b4 Qc7 11. Nc5 a5 12. a3 axb4 13. cxb4 Nd5 14. Bb2 Nxf4 15. Nxe4 Nd7 16. Qd6 Qxd6 17. Nxd6 Ng6 18. e6 fxe6 19. Nxc8 Raxc8 20. Bc4 Rce8 21. O-O-O Nb6 22. Bb3 Nf4 23. Kb1 Nbd5 24. g3 Ne2 25. Bxd5 Nxg1 26. Bc4 Nf3 27. Rd7 Rf7 28. Rd6 Rfe7 29. h4 Nh2 30. Be2 Rf7 31. Bc4 Rfe7 32. Be2 Kh8 33. Be5 Rf8 34. g4 Nf1 35. Rd1 Ne3 36. Rd3 Nc4 37. Bd4 Ref7 38. Rc3 b5 39. Bc5 Ra8 40. Bxc4 bxc4 41. Rxc4 Rxa3 42. Re4 Rf6 43. Bd4 Rf7 44. Rxe6 h6 45. Rxh6+ Kg8 46. Rxc6 Rb3+ 47. Kc2 Rxb4 48. Kc3 Ra4 49. Be3 Rf3 50. Re6 Rxg4 51. h5 Rh4 52. Re5 Rfh3 53. h6 Rxh6 54. Kd2 Ra6 55. Rc5 Ra2+ 0-1

[Event "FISU World University-ch 2020"]
[Site "Online"]
[Date "2020.10.26"]
[Round "7.15"]
[White "Real Pereyra, Diana Carime"]
[Black "Torres Rosas, Rita Rosalia"]
[Result "1/2-1/2"]
[WhiteElo "2042"]
[BlackElo "1859"]
[Annotator "NA"]
[PlyCount "119"]
[EventDate "2020.10.26"]
[SourceTitle "playchess.com"]
[Source "ChessBase"]
[SourceQuality "1"]

1. e4 c5 2. Nf3 e6 3. Nc3 a6 4. d4 cxd4 5. Nxd4 b5 6. g3 Bb7 7. Bg2 Nf6 8. O-O b4 9. Na4 Bxe4 10. Bxe4 Nxe4 11. Re1 Nc5 12. c3 Nxa4 13. Qxa4 Be7 14. cxb4 O-O 15. Be3 Qc7 16. Rac1 Qb7 17. a3 Bf6 18. Rc2 Rd8 19. Rec1 h6 20. Nb3 d6 21. Na5 Qf3 22. Bb6 Rf8 23. Nc4 d5 24. Nd2 Qf5 25. Qb3 Nd7 26. Qe3 Ne5 27. f3 Nd7 28. Bc5 Rfe8 29. Kg2 Red8 30. Nb3 Nxc5 31. bxc5 d4 32. Qe4 Qxe4 33. fxe4 d3 34. Rd2 Bg5 35. c6 Bxd2 36. Nxd2 Rac8 37. e5 Rc7 38. Rc3 Rdc8 39. Rxd3 Rxc6 40. Kf3 Rc2 41. b4 R2c3 42. Ke3 Rxd3+ 43. Kxd3 Rc1 44. a4 Kf8 45. b5 axb5 46. axb5 Ke7 47. Kd4 Kd7 48. Nc4 Rd1+ 49. Kc5 Kc7 50. b6+ Kb8 51. Kc6 f6 52. Nd6 fxe5 53. Ne4 Re1 54. Nc5 Rc1 55. Kd6 Rd1+ 56. Kc6 Rc1 57. Kd6 Rxc5 58. Kxc5 Kb7 59. g4 g6 60. h4 1/2-1/2

[Event "FISU World University-ch 2020"]
[Site "Online"]
[Date "2020.10.26"]
[Round "7.16"]
[White "Dai, Changren"]
[Black "G______, Y____"]
[Result "1-0"]
[WhiteElo "2503"]
[BlackElo "2007"]
[Annotator "TA"]
[PlyCount "41"]
[EventDate "2020.10.26"]
[SourceTitle "playchess.com"]
[Source "ChessBase"]
[SourceQuality "1"]

1. e4 e5 2. Nf3 Nc6 3. Bb5 a6 4. Ba4 Nf6 5. d3 b5 6. Bb3 Bc5 7. Nc3 h6 8. Nd5 d6 9. c3 Ba7 10. Nxf6+ Qxf6 11. Bd5 Bd7 12. a4 O-O 13. Rg1 b4 14. g4 Qg6 15. Nh4 Qf6 16. Nf5 g6 17. Bxh6 Bxf5 18. gxf5 Qh4 19. Qf3 Qxh2 20. Rh1 Bxf2+ 21. Ke2 1-0

[Event "FISU World University-ch 2020"]
[Site "Online"]
[Date "2020.10.26"]
[Round "7.16"]
[White "Daeschler, Florian"]
[Black "Hu, Yu A."]
[Result "1/2-1/2"]
[WhiteElo "2254"]
[BlackElo "2094"]
[Annotator "TA"]
[PlyCount "144"]
[EventDate "2020.10.26"]
[SourceTitle "playchess.com"]
[Source "ChessBase"]
[SourceQuality "1"]

1. d4 Nf6 2. c4 e6 3. g3 d5 4. Bg2 Be7 5. Nf3 O-O 6. O-O dxc4 7. Qc2 a6 8. a4 Bd7 9. Qxc4 Bc6 10. Bf4 Bd6 11. Qc1 Nbd7 12. Nc3 Qe7 13. Re1 Bxf3 14. Bxf3 Bxf4 15. Qxf4 c6 16. a5 e5 17. dxe5 Nxe5 18. Bg2 Rad8 19. Red1 h6 20. Ne4 Nd5 21. Qc1 Nf6 22. Qc5 Qe6 23. Nxf6+ Qxf6 24. Qb4 Qf5 25. h3 Qc8 26. f4 Ng6 27. e4 Rfe8 28. e5 Nf8 29. Qb6 Nd7 30. Qb4 Qc7 31. Rd6 Nf8 32. Rad1 Rxd6 33. Rxd6 Ng6 34. Qd2 Ne7 35. Kh2 Nd5 36. Bxd5 cxd5 37. Rxd5 Rc8 38. Qc3 Qxc3 39. bxc3 Rxc3 40. Rd8+ Kh7 41. Rd7 Kg6 42. Rxb7 Rc2+ 43. Kg1 Ra2 44. Rb6+ Kf5 45. Rxa6 Ke4 46. Rb6 Ra3 47. Kf2 Ra2+ 48. Kf1 Rxa5 49. Rb4+ Kf3 50. Rb3+ Ke4 51. h4 h5 52. Kg2 Ra2+ 53. Kh3 g6 54. Rb7 Kf3 55. f5 Ra1 56. Rb3+ Ke4 57. fxg6 fxg6 58. e6 Ra7 59. g4 Re7 60. Rb4+ Kf3 61. gxh5 gxh5 62. Rb5 Rxe6 63. Rf5+ Ke4 64. Rxh5 Kf4 65. Rh8 Re3+ 66. Kg2 Re2+ 67. Kf1 Rh2 68. h5 Kg5 69. Rg8+ Kh6 70. Rh8+ Kg7 71. Ra8 Rxh5 72. Ra7+ Kg6 1/2-1/2

[Event "FISU World University-ch 2020"]
[Site "Online"]
[Date "2020.10.26"]
[Round "7.16"]
[White "Bellaiche, Elise"]
[Black "Pang Bo"]
[Result "0-1"]
[WhiteElo "2036"]
[BlackElo "1429"]
[Annotator "NA"]
[PlyCount "106"]
[EventDate "2020.10.26"]
[SourceTitle "playchess.com"]
[Source "ChessBase"]
[SourceQuality "1"]

1. e4 c5 2. Nf3 Nc6 3. c3 Nf6 4. e5 Nd5 5. d4 cxd4 6. cxd4 d6 7. Bc4 e6 8. O-O Be7 9. Qe2 O-O 10. Nc3 dxe5 11. dxe5 Nxc3 12. bxc3 Qa5 13. Bd2 b6 14. Bd3 Bb7 15. h4 Rad8 16. h5 Rxd3 17. Qxd3 Nxe5 18. Nxe5 Qxe5 19. Qh3 h6 20. Rad1 Bf6 21. Rfe1 Qc5 22. Be3 Qxc3 23. Qg4 Kh8 24. Rc1 Qa5 25. Re2 Rd8 26. Rec2 Be5 27. Rd1 Rd5 28. Rcd2 Rxd2 29. Rxd2 Bd5 30. a4 Qc3 31. Rd1 Kh7 32. Qe2 f5 33. Qd3 Qc6 34. f3 Qxa4 35. Rc1 Qh4 36. Qa3 Bh2+ 37. Kf1 Bc4+ 38. Rxc4 Qxc4+ 39. Ke1 Bg3+ 40. Kd2 Qc7 41. Qb3 Qd7+ 42. Ke2 Qe8 43. Qa2 a5 44. Qb2 b5 45. Bd4 e5 46. Be3 b4 47. Qa2 Qb5+ 48. Kd2 b3 49. Qb2 a4 50. Qb1 e4 51. fxe4 a3 52. exf5 a2 53. f6+ axb1=N+ 0-1

[Event "FISU World University-ch 2020"]
[Site "Online"]
[Date "2020.10.26"]
[Round "7.16"]
[White "Lin Zhaochen"]
[Black "Cahen, Alexis"]
[Result "0-1"]
[WhiteElo "1923"]
[BlackElo "2131"]
[Annotator "TA"]
[PlyCount "142"]
[EventDate "2020.10.26"]
[SourceTitle "playchess.com"]
[Source "ChessBase"]
[SourceQuality "1"]

1. e4 c5 2. Nf3 d6 3. d4 cxd4 4. Qxd4 e5 5. Bb5+ Bd7 6. Bxd7+ Qxd7 7. Qd3 h6 8. O-O Nf6 9. c4 Na6 10. Nc3 Be7 11. Qe2 Rc8 12. b3 Nc5 13. Bb2 O-O 14. Rad1 Qe6 15. Rfe1 Rfd8 16. Bc1 Qg4 17. h3 Qe6 18. Nh2 a6 19. b4 Ncd7 20. Nd5 Nxd5 21. cxd5 Qg6 22. Rd3 b5 23. Rg3 Qh7 24. Ng4 Kh8 25. a4 Rc4 26. axb5 axb5 27. Rb3 Rdc8 28. Rb1 Nb6 29. f3 Na4 30. Qd3 Rb8 31. Bd2 Qg6 32. Ne3 Rd4 33. Qc2 Bg5 34. Re2 Bf4 35. Nf5 Rc4 36. Qd3 Bxd2 37. Rxd2 Rc3 38. Qe2 Qf6 39. Rc2 Kh7 40. Rbc1 Rb3 41. Qe1 g6 42. Ng3 Qf4 43. Nf1 Qg5 44. Kh1 Qd8 45. Rc7 Kg7 46. Ne3 Qg5 47. Nf1 Qd8 48. Ne3 Qg5 49. Nf1 Nb2 50. Ra1 Nd3 51. Qd2 Nf4 52. Rd7 Rd3 53. Qc2 Rc8 54. Qf2 Rdc3 55. Raa7 Rf8 56. Ra1 Kg8 57. Qg3 Qf6 58. Qf2 Rfc8 59. Ne3 Qg5 60. Rxd6 Rxe3 61. h4 Qe7 62. Rc6 Rxc6 63. dxc6 Re2 64. Qf1 Rxg2 65. Qxg2 Nxg2 66. Kxg2 Kg7 67. Rc1 Qxh4 68. Rc5 Qg5+ 69. Kf1 Qd8 70. Rxe5 Qd1+ 71. Kg2 Qc2+ 0-1

[Event "FISU World University-ch 2020"]
[Site "Online"]
[Date "2020.10.26"]
[Round "7.17"]
[White "Portela Peleteiro, Alberto"]
[Black "Limon Olmos, Ivan Alonso"]
[Result "1-0"]
[WhiteElo "2366"]
[BlackElo "2154"]
[Annotator "TA"]
[PlyCount "67"]
[EventDate "2020.10.26"]
[SourceTitle "playchess.com"]
[Source "ChessBase"]
[SourceQuality "1"]

1. e4 e5 2. Bc4 Nf6 3. d3 Nc6 4. Nc3 Bc5 5. f4 a6 6. a3 d6 7. f5 h6 8. g4 Nh7 9. Nf3 Ng5 10. h4 Nxf3+ 11. Qxf3 Nd4 12. Qg2 b5 13. Bd5 c6 14. Ba2 a5 15. Nd1 b4 16. axb4 Bb6 17. c3 Nb5 18. g5 h5 19. g6 f6 20. bxa5 Rxa5 21. Bf7+ Ke7 22. Rxa5 Bxa5 23. O-O Bb7 24. Ne3 Bb6 25. Kh2 Nc7 26. Nc4 Ba7 27. b3 Nb5 28. Bb2 d5 29. Na3 Nd6 30. exd5 Nxf7 31. dxc6 Bxc6 32. Qxc6 Nd6 33. Nc4 Qb8 34. Ba3 1-0

[Event "FISU World University-ch 2020"]
[Site "Online"]
[Date "2020.10.26"]
[Round "7.17"]
[White "Real Pereyra, Jeronimo"]
[Black "Abal Cores, Lucas"]
[Result "1/2-1/2"]
[WhiteElo "2130"]
[BlackElo "2315"]
[Annotator "TA"]
[PlyCount "104"]
[EventDate "2020.10.26"]
[SourceTitle "playchess.com"]
[Source "ChessBase"]
[SourceQuality "1"]

1. e4 c5 2. Nf3 Nc6 3. Bb5 g6 4. Bxc6 bxc6 5. O-O Bg7 6. Re1 Nf6 7. c3 O-O 8. h3 d6 9. d4 cxd4 10. cxd4 Nd7 11. Nc3 c5 12. Bg5 h6 13. Be3 cxd4 14. Bxd4 Bb7 15. Bxg7 Kxg7 16. Nd5 Bxd5 17. exd5 Nf6 18. Qd2 Re8 19. Re2 Rc8 20. Rae1 Rc5 21. Qd4 Qd7 22. Ne5 Qb7 23. Ng4 Qxd5 24. Qa4 Qc6 25. Qxc6 Rxc6 26. Rxe7 Rxe7 27. Rxe7 Ra6 28. a3 Nd5 29. Rb7 h5 30. Nh2 Nf4 31. Rc7 Nd3 32. Rc2 Rb6 33. b4 Kf6 34. Nf1 Ke5 35. Ne3 d5 36. Rd2 Nf4 37. g3 Nxh3+ 38. Kg2 Nxf2 39. Kxf2 Rf6+ 40. Ke2 d4 41. Nc2 Rd6 42. a4 Ke4 43. Ne1 g5 44. b5 a6 45. Nd3 axb5 46. axb5 h4 47. Nf2+ Kd5 48. gxh4 gxh4 49. Kf3 Kc4 50. Ke4 Kxb5 51. Rxd4 f5+ 52. Kd3 Rxd4+ 1/2-1/2

[Event "FISU World University-ch 2020"]
[Site "Online"]
[Date "2020.10.26"]
[Round "7.17"]
[White "Picos Maiztegui, Miguel"]
[Black "Lima Martinez, Alejandro"]
[Result "1-0"]
[WhiteElo "2083"]
[BlackElo "2074"]
[Annotator "TA"]
[PlyCount "51"]
[EventDate "2020.10.26"]
[SourceTitle "playchess.com"]
[Source "ChessBase"]
[SourceQuality "1"]

1. e4 c5 2. Nf3 g6 3. c3 Bg7 4. d4 cxd4 5. cxd4 d5 6. exd5 Nf6 7. Nc3 O-O 8. Bc4 Nbd7 9. d6 exd6 10. O-O Nb6 11. Bb3 Bg4 12. h3 Bxf3 13. Qxf3 Qd7 14. Bg5 Ne8 15. Rfe1 Bxd4 16. Be7 Ng7 17. Bxf8 Rxf8 18. Rad1 Bxc3 19. Qxc3 d5 20. Qf6 Nf5 21. g4 Ng7 22. Re7 Qc8 23. Kg2 Ne6 24. Re1 Qc6 25. R1xe6 fxe6 26. Qg7# 1-0

[Event "FISU World University-ch 2020"]
[Site "Online"]
[Date "2020.10.26"]
[Round "7.17"]
[White "Herrera Camara, Genny Ceci"]
[Black "Garcia Alvarez, Paula"]
[Result "1-0"]
[WhiteElo "1828"]
[BlackElo "1661"]
[Annotator "NA"]
[PlyCount "85"]
[EventDate "2020.10.26"]
[SourceTitle "playchess.com"]
[Source "ChessBase"]
[SourceQuality "1"]

1. d4 g6 2. c4 Bg7 3. Nc3 d6 4. e4 Nd7 5. Nf3 e5 6. Be3 Ne7 7. Be2 f5 8. dxe5 Nxe5 9. Bd4 N7c6 10. Nxe5 Nxd4 11. Qxd4 Bxe5 12. Qd2 fxe4 13. Nxe4 Bf5 14. Ng3 O-O 15. O-O Bd7 16. Bf3 Bc6 17. Bxc6 bxc6 18. Rad1 Rb8 19. b3 Qh4 20. Rde1 Rf7 21. Re4 Rf4 22. Rxf4 Qxf4 23. Qxf4 Bxf4 24. Ne4 Kg7 25. g3 Be5 26. Ng5 Rb7 27. f4 Bf6 28. Ne6+ Kf7 29. Re1 c5 30. g4 c6 31. f5 gxf5 32. gxf5 Bd4+ 33. Kg2 Rd7 34. Kf3 Bc3 35. Re4 d5 36. Rh4 Kf6 37. Kf4 Bd2+ 38. Kg4 d4 39. Nxc5 Rg7+ 40. Kf3 Kxf5 41. Rxd4 Bb4 42. Rf4+ Kg6 43. Ne6 1-0

[Event "FISU World University-ch 2020"]
[Site "Online"]
[Date "2020.10.26"]
[Round "7.18"]
[White "Cadilhac, Igor Tokuichi Kikuch"]
[Black "Perez, Murillo Angel"]
[Result "0-1"]
[WhiteElo "2323"]
[BlackElo "1963"]
[Annotator "TA"]
[PlyCount "82"]
[EventDate "2020.10.26"]
[SourceTitle "playchess.com"]
[Source "ChessBase"]
[SourceQuality "1"]

1. e4 c5 2. Nf3 Nc6 3. d4 cxd4 4. Nxd4 Nf6 5. Nc3 d6 6. Be3 e5 7. Nb3 Be6 8. Qd2 d5 9. exd5 Nxd5 10. Nxd5 Qxd5 11. Qxd5 Bxd5 12. O-O-O O-O-O 13. f3 Be7 14. Bb5 a6 15. Bd3 Nb4 16. Bf5+ Kb8 17. Bb6 Bg5+ 18. Kb1 Bxb3 19. axb3 Rxd1+ 20. Rxd1 g6 21. Bh3 f5 22. Rd7 Kc8 23. Rc7+ Kb8 24. Rf7 Rc8 25. c4 Bd8 26. Be3 Rc7 27. Rxc7 Kxc7 28. Bh6 Bf6 29. g4 f4 30. g5 Be7 31. Be6 Kd6 32. Bg8 e4 33. Kc1 exf3 34. Kd1 Ke5 35. Bxh7 Kf5 36. h4 Nc2 37. h5 Ne3+ 38. Ke1 Bb4+ 39. Kf2 Kg4 40. hxg6 Nd1+ 41. Kf1 Kg3 0-1

[Event "FISU World University-ch 2020"]
[Site "Online"]
[Date "2020.10.26"]
[Round "7.18"]
[White "Alboredo, Julia"]
[Black "Hernandez Rendon, Carlos A"]
[Result "1-0"]
[WhiteElo "2182"]
[BlackElo "1838"]
[Annotator "TA"]
[PlyCount "71"]
[EventDate "2020.10.26"]
[SourceTitle "playchess.com"]
[Source "ChessBase"]
[SourceQuality "1"]

1. e4 c5 2. Nf3 d6 3. d4 cxd4 4. Nxd4 Nf6 5. Nc3 a6 6. a3 e6 7. Bc4 Be7 8. Ba2 O-O 9. O-O Bd7 10. Be3 Nc6 11. f4 Qc7 12. h3 Rac8 13. f5 e5 14. Nf3 Na5 15. g4 Nc4 16. Bxc4 Qxc4 17. Nd2 Qc6 18. g5 Ne8 19. Nd5 Bd8 20. c4 Nc7 21. Nb4 Qa4 22. b3 Qa5 23. Qh5 d5 24. exd5 Be7 25. f6 Bc5 26. Qf3 g6 27. Ne4 Bxe3+ 28. Qxe3 Ne8 29. Qg3 Qc7 30. c5 a5 31. d6 Qd8 32. Nd5 Kh8 33. Ne7 Rb8 34. h4 Bc6 35. Qxe5 Qd7 36. Nxc6 1-0

[Event "FISU World University-ch 2020"]
[Site "Online"]
[Date "2020.10.26"]
[Round "7.18"]
[White "Hernandez Vazquez, Gerardo"]
[Black "Carstens Dobuchak, Thiago"]
[Result "1-0"]
[WhiteElo "1886"]
[BlackElo "2184"]
[Annotator "TA"]
[PlyCount "77"]
[EventDate "2020.10.26"]
[SourceTitle "playchess.com"]
[Source "ChessBase"]
[SourceQuality "1"]

1. e4 c5 2. Nf3 Nc6 3. d4 cxd4 4. Nxd4 g6 5. Nc3 Bg7 6. Be3 Nf6 7. Bc4 O-O 8. Bb3 e6 9. f3 d5 10. exd5 exd5 11. Qd2 Re8 12. O-O-O Be6 13. Rhe1 Qd7 14. Na4 Bf8 15. Bg5 Nh5 16. g4 Ng7 17. a3 Rac8 18. Kb1 Ne7 19. Nc3 a6 20. Bf6 b5 21. h4 h5 22. Nxe6 fxe6 23. Qg5 Kh7 24. Rg1 Ng8 25. gxh5 Nxf6 26. Qxg6+ Kg8 27. Qxf6 Qf7 28. Qh6 Rxc3 29. bxc3 Bxa3 30. Rg6 Bf8 31. Rdg1 Rc8 32. Qg5 Kh7 33. Rh6+ Kg8 34. Rg6 Kh7 35. h6 Ne8 36. Qh5 Qf5 37. Qxf5 exf5 38. Bxd5 Bxh6 39. Bg8+ 1-0

[Event "FISU World University-ch 2020"]
[Site "Online"]
[Date "2020.10.26"]
[Round "7.18"]
[White "Rodriguez Silva, Sheila Angelica"]
[Black "Librelato, Kathie Goulart"]
[Result "0-1"]
[WhiteElo "1745"]
[BlackElo "2165"]
[Annotator "TA"]
[PlyCount "62"]
[EventDate "2020.10.26"]
[SourceTitle "playchess.com"]
[Source "ChessBase"]
[SourceQuality "1"]

1. e4 e5 2. Nf3 Nc6 3. d4 exd4 4. Nxd4 Nf6 5. Nxc6 bxc6 6. Bd3 d5 7. exd5 cxd5 8. O-O Be7 9. Bg5 O-O 10. Nc3 c6 11. h3 Rb8 12. b3 h6 13. Bf4 Bd6 14. Bxd6 Qxd6 15. Qf3 Be6 16. Rad1 c5 17. Nb5 Qd7 18. Qg3 Rxb5 19. Bxb5 Qxb5 20. Rfe1 Ne4 21. Qe3 Qa5 22. a4 Nc3 23. Rd3 Bf5 24. Rd2 d4 25. Qf4 Nd5 26. Qxf5 Qxd2 27. Re5 Nf4 28. Rxc5 Qe1+ 29. Kh2 Qxf2 30. Qg4 Ne2 31. Rf5 Qg1# 0-1

[Event "FISU World University-ch 2020"]
[Site "Online"]
[Date "2020.10.26"]
[Round "7.19"]
[White "La Villa Rivas, Marlon Javier"]
[Black "Toro Castaneda, Elizabeth"]
[Result "1-0"]
[WhiteElo "2233"]
[BlackElo "1989"]
[Annotator "TA"]
[PlyCount "53"]
[EventDate "2020.10.26"]
[SourceTitle "playchess.com"]
[Source "ChessBase"]
[SourceQuality "1"]

1. e4 c5 2. Nf3 d6 3. d4 cxd4 4. Nxd4 Nf6 5. Nc3 g6 6. Be3 Bg7 7. f3 O-O 8. Qd2 Nc6 9. Bc4 Bd7 10. Bb3 Rc8 11. O-O-O Ne5 12. Kb1 Nc4 13. Bxc4 Rxc4 14. g4 b5 15. b3 Rc5 16. Ne6 fxe6 17. Bxc5 dxc5 18. e5 Qa5 19. exf6 Bxf6 20. Ne4 Qxd2 21. Rxd2 Bc6 22. Re1 Bg7 23. Rde2 c4 24. Ng5 Bc3 25. Nxe6 Rxf3 26. Rd1 Kf7 27. Ng5+ 1-0

[Event "FISU World University-ch 2020"]
[Site "Online"]
[Date "2020.10.26"]
[Round "7.19"]
[White "Fernandez Bustamante, Leancy B."]
[Black "Gomez Guardo, Laura Meli"]
[Result "1-0"]
[WhiteElo "2080"]
[BlackElo "1875"]
[Annotator "TA"]
[PlyCount "113"]
[EventDate "2020.10.26"]
[SourceTitle "playchess.com"]
[Source "ChessBase"]
[SourceQuality "1"]

1. e4 c5 2. Nf3 d6 3. c3 Nf6 4. h3 a6 5. Bd3 Nc6 6. Bc2 e6 7. O-O Qc7 8. Re1 Be7 9. d4 cxd4 10. cxd4 e5 11. Nc3 exd4 12. Nxd4 Nxd4 13. Qxd4 Be6 14. Bf4 O-O 15. Rac1 Qc5 16. Qd2 Rfd8 17. Nd5 Bxd5 18. exd5 Bf8 19. Bxh7+ Nxh7 20. Rxc5 dxc5 21. b3 Rd7 22. d6 Rad8 23. Rd1 Nf6 24. Qc2 b6 25. Qc4 a5 26. Kh2 Ne8 27. g3 Nxd6 28. Qa6 Ne4 29. Rxd7 Rxd7 30. Kg2 Nc3 31. Qxb6 Nxa2 32. Qb5 Rd5 33. Qxa5 Nb4 34. Qa8 Rd1 35. h4 Nd5 36. Be5 Nb4 37. h5 Rd5 38. Bxg7 Kxg7 39. h6+ Kxh6 40. Qxf8+ Kg6 41. Qg8+ Kf6 42. f4 Nd3 43. Qh8+ Ke6 44. Qh6+ Ke7 45. Qh4+ Ke6 46. Qg4+ Kd6 47. Qc8 Nb4 48. Qd8+ Ke6 49. Qe8+ Kf6 50. g4 Rd2+ 51. Kg3 Rd3+ 52. Kh4 Rd5 53. g5+ Kg7 54. Qe4 Kf8 55. Kh5 Kg7 56. f5 Rd8 57. Qe5+ 1-0

[Event "FISU World University-ch 2020"]
[Site "Online"]
[Date "2020.10.26"]
[Round "7.19"]
[White "Olarte Parra, Jhoan Sebastian"]
[Black "Gomez Sanchez, Jorge Marcos"]
[Result "0-1"]
[WhiteElo "1999"]
[BlackElo "2352"]
[Annotator "TA"]
[PlyCount "118"]
[EventDate "2020.10.26"]
[SourceTitle "playchess.com"]
[Source "ChessBase"]
[SourceQuality "1"]

1. f4 c5 2. Nf3 Nc6 3. b3 g6 4. Bb2 Nf6 5. e3 Bg7 6. Bb5 O-O 7. Bxc6 dxc6 8. O-O a5 9. Qe1 a4 10. d3 Qa5 11. Nbd2 Nd5 12. Bxg7 Kxg7 13. a3 Qc3 14. Qc1 axb3 15. Nxb3 c4 16. Nbd4 cxd3 17. e4 Nf6 18. cxd3 Qxd3 19. e5 Nd5 20. Re1 Bg4 21. h3 Bxf3 22. Nxf3 Ra4 23. Qb1 Nxf4 24. Qxd3 Nxd3 25. Re3 Nc5 26. Rc1 b6 27. Rb1 Rb8 28. Rc3 Raa8 29. Nd4 Rc8 30. Rf3 Ra6 31. Rbf1 Rf8 32. Nxc6 b5 33. Nxe7 Re6 34. Rc3 Ne4 35. Rc7 Rxe5 36. Nc6 Rc5 37. Rf4 Nf6 38. Rb4 Nd5 39. Rd7 Nxb4 40. Nxb4 Ra8 41. Nd3 Rf5 42. g4 Rf6 43. Rb7 Rxa3 44. Ne5 Rxh3 45. Kg2 Rb3 46. Re7 Re3 47. Nc6 Rxe7 48. Nxe7 Rd6 49. Nc8 Rc6 50. Na7 Rb6 51. Nc8 Rb8 52. Nd6 b4 53. Nc4 b3 54. Nb2 Rc8 55. Kf3 Rc2 56. Nd3 Rc3 57. Ke2 Rxd3 58. Kxd3 h5 59. gxh5 gxh5 0-1

[Event "FISU World University-ch 2020"]
[Site "Online"]
[Date "2020.10.26"]
[Round "7.19"]
[White "Hernandez Banquett, Bryan Steven"]
[Black "Perez Rodriguez, Cesar Alejandro"]
[Result "0-1"]
[WhiteElo "1971"]
[BlackElo "2303"]
[Annotator "TA"]
[PlyCount "112"]
[EventDate "2020.10.26"]
[SourceTitle "playchess.com"]
[Source "ChessBase"]
[SourceQuality "1"]

1. e4 c5 2. Nf3 g6 3. Nc3 Bg7 4. g3 Nc6 5. Bg2 e6 6. O-O Nge7 7. d3 O-O 8. Be3 Nd4 9. Ne1 Rb8 10. Qd2 b5 11. f4 d6 12. Nd1 b4 13. c3 bxc3 14. bxc3 Qa5 15. e5 Nb3 16. Qb2 Nxa1 17. Qxb8 Qxa2 18. exd6 Nd5 19. Bxc5 Bd7 20. Qb7 Qa5 21. d4 Bb5 22. Rf2 Nxc3 23. Nxc3 Qxc3 24. Qxb5 Qxe1+ 25. Rf1 Qe3+ 26. Kh1 Bxd4 27. Bxd4 Qxd4 28. d7 Nc2 29. Bf3 Ne3 30. Rc1 Qd2 31. Qc5 Rd8 32. Qc3 Qf2 33. Bb7 Ng4 34. Qc2 Qxc2 35. Rxc2 Rxd7 36. Bf3 Ne3 37. Rc3 Nf5 38. Kg2 h6 39. Be4 Ne7 40. Ra3 Kg7 41. g4 g5 42. fxg5 hxg5 43. Ra5 Nd5 44. Kf3 Kf6 45. h3 Ke5 46. Ra1 Rc7 47. Bxd5 exd5 48. Re1+ Kd6 49. Kg3 a5 50. Ra1 Ra7 51. h4 gxh4+ 52. Kxh4 a4 53. Kg5 a3 54. Kf5 a2 55. g5 Kc5 56. Ke5 Kc4 0-1